|
|
|
|
| LEADER |
00000nam a2200000 a 4500 |
| 001 |
vtls001487007 |
| 003 |
SK-MaSNL |
| 005 |
20260302073752.0 |
| 008 |
251029s2004 gw odl g 00100 ger |
| 020 |
|
|
|a 3486575651
|q (viaz.)
|
| 035 |
|
|
|a SNK000442299
|
| 040 |
|
|
|a SNK
|b slo
|c SNK
|e AACR2
|
| 041 |
0 |
|
|a ger
|
| 043 |
|
|
|a e-tu---
|
| 044 |
|
|
|a gw
|c DE
|
| 072 |
|
7 |
|a 626/627
|x Vodné staviteľstvo. Vodné hospodárstvo
|2 konspekt
|
| 080 |
|
|
|a 628.1
|2 MDT-MRF
|
| 080 |
|
|
|a 628.11
|2 MDT-MRF
|
| 080 |
|
|
|a 556-032.2
|2 MDT-MRF
|
| 080 |
|
|
|a 626/628
|2 MDT-MRF
|
| 080 |
|
|
|a 94(560)
|2 MDT-MRF
|
| 080 |
|
|
|a (048.8)
|2 MDT-MRF
|
| 100 |
1 |
|
|a Dinçkal, Noyan
|4 aut
|9 738579
|
| 245 |
1 |
0 |
|a Istanbul und das Wasser
|b zur Geschichte der Wasserversorgung und Abwasserentsorgung von der Mitte des 19. Jahrhunderts bis 1966
|c Noyan Dinçkal
|
| 260 |
|
|
|a München
|b R. Oldenbourg
|c 2004
|
| 300 |
|
|
|a 325 s.
|b grafy, fotogr., tab.
|c 25 cm
|
| 490 |
1 |
|
|a Südosteuropäische Arbeiten
|v 120
|
| 650 |
0 |
7 |
|a voda
|z Istanbul (Turecko)
|2 SNKPH
|9 738580
|
| 650 |
0 |
7 |
|a vodné zdroje
|2 SNKPH
|9 69165
|
| 650 |
0 |
7 |
|a zásobovanie vodou
|2 SNKPH
|9 50035
|
| 651 |
|
7 |
|a Istanbul (Turecko)
|2 SNKPH
|9 24137
|
| 655 |
|
7 |
|a monografie
|2 SNKPH
|9 70139
|
| 830 |
|
0 |
|a Südosteuropäische Arbeiten
|9 283504
|
| 919 |
|
|
|a 3-486-57565-1
|
| 999 |
|
|
|c 1162286
|d 1164216
|
| 952 |
|
|
|t P60, <04>, [BOOK], {604}, -A-
|a SNK
|b SNK
|y VYP
|7 0
|p 17A0458990
|o snkIC 132115
|i snk2005/4716
|8 2
|g 64.73
|0 0
|1 0
|4 0
|d 2004-12-14
|l 0
|r 2005-01-02 00:00:00
|w 2026-02-24
|